| 000 | 01016nam0a2200325 i 4500 | ||
|---|---|---|---|
| 001 | RU\NLR\BIBL_A\010356754 | ||
| 005 | 20240725035113.0 | ||
| 010 |
_a9785906702043 _9500 |
||
| 021 |
_aRU _b2014-18951 _91181 |
||
| 035 | _a(NILC)RuMoRGB-006766285 | ||
| 035 | _a(NLR Aleph) 010356754 | ||
| 090 |
_a10765233 _c10765233 |
||
| 100 | _a20140515d2014 u y0rusy50 ca | ||
| 101 | 0 | _arus | |
| 102 | _aRU | ||
| 105 | _aa z 000fy | ||
| 200 | 1 |
_aЯ, вообще-то, девчонка не плохая… _eприключенческие рассказы _fНаталия Рудюк |
|
| 210 |
_aСанкт-Петербург _c[б. и.] _d2014 |
||
| 215 |
_a32 с. _cил. _d20 |
||
| 675 | _a821.161.1-1 | ||
| 686 | 0 | _aШ9(2)60=Р7-4 | |
| 700 | 1 |
_aРудюк _bН. _gНаталия |
|
| 801 | 0 |
_aRU _bRuMoRKP _c20140317 _gRCR |
|
| 801 | 2 |
_aRU _bРГБ _c20140425 _grcr |
|
| 942 | _cBOOK | ||
| 980 | _aNBR | ||